Nový dům Brno 1928 = New house Brno 1928 /

Hlavní autor: Borský, Pavel, 1964-
Další autoři: Černoušková, Dagmar, 1965-, Chatrný, Jindřich, 1965-, Ruller, Ivan, 1926-2018, Sedlák, Jan, 1943-2016, Pohl, Stephan von, 1971-
Jazyk: Čeština
Angličtina
Vydáno: Brno : Muzeum města Brna ve spolupráci se společností INFRAM, a.s., 2018
Témata:
Fyzický popis: 303 stran : ilustrace (některé barevné), portréty, plány, faksimile ; 27 cm
Language note: Souběžný anglický text
Knihy
Uloženo v:
LEADER 03725nam a2200889 i 4500
001 nkc20182970956
003 CZ PrNK
005 20180514131214.0
007 ta
008 180124s2018 xr acehf c 000 0dcze
015 |a cnb002970956 
020 |a 978-80-86549-74-3  |q (Muzeum města Brna ;  |q vázáno) 
035 |a (OCoLC)1028223369 
040 |a ABA001  |b cze  |e rda 
041 1 |a cze  |a eng  |h cze 
043 |a e-cs---  |a e-xr---  |b e-xr-jm  |2 czenas 
045 |a x2x2 
072 7 |a 72  |x Architektura  |2 Konspekt  |9 21 
080 |a 069.9  |2 MRF 
080 |a 365  |2 MRF 
080 |a 643/645  |2 MRF 
080 |a 728.3  |2 MRF 
080 |a 72.012.2  |2 MRF 
080 |a 72.036.3  |2 MRF 
080 |a (437)  |2 MRF 
080 |a (437.322)  |2 MRF 
080 |a (048.8:082)  |2 MRF 
080 |a (083.82)  |2 MRF 
100 1 |a Borský, Pavel,  |d 1964-  |7 xx0024351  |4 aut 
245 1 0 |a Nový dům Brno 1928 =  |b New house Brno 1928 /  |c texty: Pavel Borský, Dagmar Černoušková, Jindřich Chatrný, Ivan Ruller, Jan Sedlák ; překlad do angličtiny: Stephan von Pohl 
246 3 1 |a New house Brno 1928 
264 1 |a Brno :  |b Muzeum města Brna ve spolupráci se společností INFRAM, a.s.,  |c 2018 
300 |a 303 stran :  |b ilustrace (některé barevné), portréty, plány, faksimile ;  |c 27 cm 
336 |a text  |b txt  |2 rdacontent 
336 |a statický obraz  |b sti  |2 rdacontent 
337 |a bez média  |b n  |2 rdamedia 
338 |a svazek  |b nc  |2 rdacarrier 
500 |a 500 výtisků 
504 |a Obsahuje bibliografii a bibliografické odkazy 
546 |a Souběžný anglický text 
611 2 7 |a Výstava soudobé kultury  |d (1928 :  |c Brno, Česko)  |7 kn20050504105  |2 czenas 
648 4 |a 1928 
648 7 |a 1921-1930  |7 ch460580  |2 czenas 
648 7 |a 20. století  |7 ch460558  |2 czenas 
650 0 7 |a výstavy  |7 ph116705  |z Česko  |y 1921-1930  |2 czenas 
650 0 7 |a bydlení  |7 ph114212  |z Československo  |2 czenas 
650 0 7 |a bytová kultura  |7 ph119052  |z Československo  |2 czenas 
650 0 7 |a rodinné domy  |7 ph116049  |z Česko  |y 20. století  |2 czenas 
650 0 7 |a architektonické projekty  |7 ph137760  |z Česko  |y 1921-1930  |2 czenas 
650 0 7 |a funkcionalismus (architektura)  |7 ph114595  |z Česko  |2 czenas 
650 0 9 |a exhibitions  |z Czechia  |y 1921-1930  |2 eczenas 
650 0 9 |a housing  |z Czechoslovakia  |2 eczenas 
650 0 9 |a housing culture  |z Czechoslovakia  |2 eczenas 
650 0 9 |a single family houses  |z Czechia  |y 20th century  |2 eczenas 
650 0 9 |a architectural projects  |z Czechia  |y 1921-1930  |2 eczenas 
650 0 9 |a funktionalism (architecture)  |z Czechia  |2 eczenas 
651 7 |a kolonie Nový dům (Brno, Česko)  |7 ge981592  |2 czenas 
651 7 |a Žabovřesky (Brno, Česko)  |7 ge131579  |2 czenas 
651 9 |a New House Estate (Brno, Czechia)  |2 eczenas 
651 9 |a Žabovřesky (Brno, Czechia)  |2 eczenas 
655 7 |a kolektivní monografie  |7 fd501537  |2 czenas 
655 7 |a katalogy  |7 fd132535  |2 czenas 
655 9 |a collective monographs  |2 eczenas 
655 9 |a catalogs  |2 eczenas 
700 1 |a Černoušková, Dagmar,  |d 1965-  |7 xx0024354  |4 aut 
700 1 |a Chatrný, Jindřich,  |d 1965-  |7 jo2006333769  |4 aut 
700 1 |a Ruller, Ivan,  |d 1926-2018  |7 ola200202169  |4 aut 
700 1 |a Sedlák, Jan,  |d 1943-2016  |7 jk01110549  |4 aut 
700 1 |a Pohl, Stephan von,  |d 1971-  |7 xx0089596  |4 trl 
910 2 |a BOA001  |b 3-1401.783 
928 9 |a INFRAM 
990 |a BK 
995 |a 01 
991 |b 201802  |c NOV 
996 6 |b 2610734467  |c 3-1401.783  |l MZK  |r Sklad / do 1 hodiny  |n 17  |p p.v.  |w 001650339  |u 000010  |a 1  |e BOA001  |j MZK50  |s P 
996 6 |b 2610734468  |c 3-1401.783  |l MZK  |r STM 6p  |n 0  |p p.v.  |h 728.3 BOR  |w 001650339  |u 000020  |a 0  |e BOA001  |j MZK50  |s P 
996 7 |b 2610740886  |c 3-1401.783  |l Vol.výběr  |r VV 1p  |n 20  |p kup  |h 728.3 BOR  |w 001650339  |u 000030  |a 0  |e BOA001  |j MZK50  |s A